000 00374nam a2200145 i 4500
001 76665
003 ES-MaACL
005 20230906172920.0
007 t|
008 041004s1958 sp ||||1| spa d
245 0 0 _aGuía de la Universidad de Madrid.
260 _aMadrid :
_b[s.n.,
_c1958] (
_fEstades)
300 _a394 p. ;
_c17 cm.
852 _aES-MaACL
_jC-16384
_bR.44498
999 _c76665
_d76665